Estadísticas para Películas de Disney Pixar

Haz click aquí para intentar la prueba.

Estadísticas generales

  • Esta prueba ha sido intentada 1.457 veces
    (1.210 desde el último reinicio)
  • La puntuación promedio es 15 de 24

Estadísticas de respuestas

AñoRespuesta% Correcto
1995Toy Story
95%
1999Toy Story 2
95%
2010Toy Story 3
95%
2019Toy Story 4
95%
2006Cars
82%
2011Cars 2
82%
2017Cars 3
82%
2009Up
65%
2003Buscando a Nemo
64%
2004Los Increibles
63%
2018Los Increibles 2
63%
2017Coco
62%
1998A Bug's Life
58%
2008WALL-E
58%
2016Buscando a Dory
55%
2020Soul
54%
2001Monsters, Inc.
52%
2021Luca
51%
2015Intensamente
47%
2007Ratatouille
46%
2013Monsters University
43%
2012Valiente
40%
2015Un Gran Dinosaurio
22%
2020Unidos
21%

Distribución de puntuación

Porcentaje por número respondido

Porcentaje de gente con cada puntuación

Historial de tus puntuaciones

No has intentado esta prueba desde el último reinicio